[Event "DEN-ch"]
[Site "Silkeborg"]
[Date "2009.04.10"]
[Round "7"]
[White "Matthiesen, Arne"]
[Black "Kristensen, Kaare Hove"]
[Result "1-0"]
[WhiteElo "2349"]
[BlackElo "2244"]
[PlyCount "111"]
[EventDate "2009.04.04"]
[EventType "swiss"]
[EventRounds "9"]
[EventCountry "DEN"]
[Source "ChessBase"]
[SourceDate "2009.05.05"]

1. d4 d5 2. c4 c6 3. Nf3 dxc4 4. e3 Be6 5. Nc3 b5 6. a4 b4 7. Ne4 Nf6 8. Ng3
Bd5 9. Qc2 c5 10. e4 b3 11. Qe2 cxd4 12. exd5 d3 13. Qe5 Nxd5 14. Qe4 Nc6 15.
Qxc4 Ndb4 16. Bd2 e6 17. Bxb4 Bxb4+ 18. Kd1 Rc8 19. Bxd3 O-O 20. Ke2 Ne5 21.
Qxb3 Rc3 22. Qxb4 Qxd3+ 23. Ke1 Nxf3+ 24. gxf3 Rc2 25. Rd1 Qxf3 26. Qd4 e5 27.
Qe3 Qxe3+ 28. fxe3 Rxb2 29. Rd2 Rfb8 30. Ke2 Rxd2+ 31. Kxd2 Rb4 32. Rc1 g6 33.
a5 Rb5 34. a6 Rb6 35. Ra1 Rb2+ 36. Kd3 Rxh2 37. Ne4 f5 38. Nd6 e4+ 39. Kc3 Re2
40. Nb5 Rxe3+ 41. Kc4 Re2 42. Nxa7 Rc2+ 43. Kb3 Rc5 44. Kb4 Rc7 45. Nb5 Rc8 46.
a7 h5 47. a8=Q Rxa8 48. Rxa8+ Kg7 49. Kc4 Kh6 50. Kd4 h4 51. Ke3 Kg5 52. Nd4 h3
53. Rg8 Kh4 54. Nxf5+ gxf5 55. Kf4 h2 56. Rh8# 1-0

[Event "DEN-ch"]
[Site "Silkeborg"]
[Date "2009.04.12"]
[Round "9"]
[White "Matthiesen, Arne"]
[Black "Hansen, Sune Berg"]
[Result "1/2-1/2"]
[WhiteElo "2349"]
[BlackElo "2543"]
[PlyCount "55"]
[EventDate "2009.04.04"]
[EventType "swiss"]
[EventRounds "9"]
[EventCountry "DEN"]
[Source "ChessBase"]
[SourceDate "2009.05.05"]

1. c4 Nf6 2. Nc3 e5 3. Nf3 Nc6 4. a3 g6 5. g3 Bg7 6. Bg2 O-O 7. O-O d6 8. d3 h6
9. Nd5 Nxd5 10. cxd5 Ne7 11. Qb3 c6 12. e4 cxd5 13. exd5 b6 14. Bd2 Bb7 15. Ne1
Rc8 16. Nc2 Qd7 17. Rac1 Rc7 18. Nb4 Rfc8 19. Rxc7 Rxc7 20. Rc1 Rxc1+ 21. Bxc1
a5 22. Nc6 Nxc6 23. dxc6 Bxc6 24. Qxb6 Bxg2 25. Kxg2 a4 26. Bd2 Qf5 27. Qb5 e4
28. Qe8+ 1/2-1/2

[Event "DEN-ch"]
[Site "Silkeborg"]
[Date "2009.04.06"]
[Round "3"]
[White "Matthiesen, Arne"]
[Black "Andersen, Mads"]
[Result "0-1"]
[WhiteElo "2349"]
[BlackElo "2244"]
[PlyCount "76"]
[EventDate "2009.04.04"]
[EventType "swiss"]
[EventRounds "9"]
[EventCountry "DEN"]
[Source "ChessBase"]
[SourceDate "2009.05.05"]

1. d4 Nf6 2. Bg5 e6 3. Nc3 h6 4. Bh4 d5 5. e3 Be7 6. Bd3 O-O 7. Nf3 Nbd7 8. Ne5
Nxe5 9. dxe5 Nd7 10. Bg3 c5 11. Qh5 Qb6 12. Nd1 c4 13. Be2 Qa5+ 14. c3 Nc5 15.
Bh4 Bxh4 16. Qxh4 Nb3 17. axb3 Qxa1 18. bxc4 dxc4 19. Qxc4 Bd7 20. O-O Bc6 21.
e4 Rfd8 22. f4 a6 23. Qb4 Rd2 24. Bh5 Rad8 25. Nf2 Qxb2 26. Qe7 Rf8 27. f5 Rd7
28. Qh4 Qxc3 29. f6 g5 30. Bxf7+ Rfxf7 31. Qxh6 Rh7 32. f7+ Rhxf7 33. Qg6+ Kf8
34. Qh6+ Kg8 35. Qg6+ Kf8 36. Qh6+ Ke8 37. Qxe6+ Kd8 38. h3 Qc5 0-1

[Event "DEN-ch"]
[Site "Silkeborg"]
[Date "2009.04.04"]
[Round "1"]
[White "Matthiesen, Arne"]
[Black "Rendboe, John Filip"]
[Result "1/2-1/2"]
[WhiteElo "2349"]
[BlackElo "2199"]
[PlyCount "139"]
[EventDate "2009.04.04"]
[EventType "swiss"]
[EventRounds "9"]
[EventCountry "DEN"]
[Source "ChessBase"]
[SourceDate "2009.05.05"]

1. d4 d5 2. c4 e6 3. Nc3 Be7 4. cxd5 exd5 5. Bf4 c6 6. Qc2 Nf6 7. h3 O-O 8. e3
Nbd7 9. Nf3 Re8 10. Bd3 Nf8 11. O-O Ne6 12. Bh2 g6 13. Rab1 Ng7 14. b4 a6 15.
Na4 Bf5 16. Nc5 Bxd3 17. Qxd3 Ra7 18. a4 Nf5 19. Rfc1 Ne4 20. Nxe4 dxe4 21.
Qxe4 Bxb4 22. Qd3 a5 23. Ne5 Ra8 24. Qb3 Qe7 25. Rd1 Rab8 26. Nd3 Bd6 27. Bxd6
Nxd6 28. Qc3 Ra8 29. Rb2 Rec8 30. Qc5 Qe6 31. Rb6 Rc7 32. d5 Qf6 33. dxc6 Rxc6
34. Rxc6 bxc6 35. Qxc6 Rc8 36. Qd5 Rc2 37. Qa8+ Kg7 38. Qxa5 Ne4 39. Qe5 Qxe5
40. Nxe5 Kf6 41. f4 Ke6 42. Nf3 Ra2 43. Rd4 Ra1+ 44. Kh2 f5 45. Ng5+ Nxg5 46.
fxg5 Ra3 47. Rh4 Rxe3 48. Rxh7 f4 49. Rb7 Ra3 50. Rb6+ Kf5 51. Rb5+ Ke4 52. h4
Ra2 53. Kh3 Ra3+ 54. Kh2 Ra2 55. Rb3 Rxa4 56. Kh3 Ra2 57. Rb4+ Kf5 58. Rb5+ Ke4
59. Rb4+ Kf5 60. Rb5+ Ke4 61. h5 gxh5 62. g6 Ra1 63. Kh2 f3 64. g7 Ra8 65.
gxf3+ Kf4 66. Rxh5 Rg8 67. Rh7 Kxf3 68. Kh3 Kf4 69. Kh4 Kf5 70. Kh5 1/2-1/2

[Event "DEN-ch"]
[Site "Silkeborg"]
[Date "2009.04.08"]
[Round "5"]
[White "Matthiesen, Arne"]
[Black "Antonsen, Mikkel"]
[Result "1/2-1/2"]
[WhiteElo "2349"]
[BlackElo "2450"]
[PlyCount "65"]
[EventDate "2009.04.04"]
[EventType "swiss"]
[EventRounds "9"]
[EventCountry "DEN"]
[Source "ChessBase"]
[SourceDate "2009.05.05"]

1. d4 e6 2. c4 Bb4+ 3. Bd2 a5 4. g3 d6 5. Nc3 Nf6 6. Nf3 Nc6 7. Bg2 e5 8. d5
Ne7 9. O-O O-O 10. Ne1 Bf5 11. Nd3 Qd7 12. a3 Bxc3 13. Bxc3 Bh3 14. f3 Bxg2 15.
Kxg2 b5 16. b3 c5 17. e4 Rfb8 18. a4 b4 19. Bd2 Ng6 20. Be3 Qc7 21. h4 Rf8 22.
Rh1 Rae8 23. h5 Nh8 24. g4 Nd7 25. Qd2 f6 26. Rh2 Nf7 27. Nf2 Qd8 28. Nh1 Nb6
29. Ng3 Nc8 30. Nf5 Ne7 31. Qf2 Nxf5 32. gxf5 h6 33. Qg3 1/2-1/2

[Event "DEN-ch"]
[Site "Silkeborg"]
[Date "2009.04.12"]
[Round "9"]
[White "Matthiesen, Martin"]
[Black "Damm, Kasper Wilken"]
[Result "1/2-1/2"]
[WhiteElo "2291"]
[BlackElo "2231"]
[PlyCount "117"]
[EventDate "2009.04.04"]
[EventType "swiss"]
[EventRounds "9"]
[EventCountry "DEN"]
[Source "ChessBase"]
[SourceDate "2009.05.05"]

1. d4 Nf6 2. c4 g6 3. Nc3 Bg7 4. e4 d6 5. Nf3 O-O 6. Be2 c5 7. d5 e6 8. h3 exd5
9. exd5 Ne8 10. Bg5 f6 11. Be3 Nd7 12. Qd2 Ne5 13. Nxe5 fxe5 14. h4 a6 15. h5
gxh5 16. Bd3 Bf5 17. Rxh5 e4 18. Nxe4 Bxe4 19. Bxe4 Nf6 20. Rh4 Nxe4 21. Rxe4
b5 22. Rc1 Qf6 23. b3 b4 24. Kf1 Ra7 25. Rf4 Qg6 26. Rxf8+ Kxf8 27. Bf4 Re7 28.
Qd1 Bb2 29. Rb1 Bc3 30. Be3 Kg8 31. Rc1 Rf7 32. a4 Be5 33. Kg1 h5 34. Qc2 Qg4
35. Re1 Rg7 36. f4 Bc3 37. Re2 Re7 38. Kf1 Qh4 39. Qf5 Qh1+ 40. Kf2 Qh4+ 41.
Kf3 Qh1 42. Bf2 Rxe2 43. Qg6+ Kh8 44. Kxe2 Qc1 45. Qxh5+ Kg8 46. Qg6+ Kh8 47.
Qxd6 Qc2+ 48. Kf3 Qd1+ 49. Kg3 Qxb3 50. Qh6+ Kg8 51. Qe6+ Kg7 52. Kg4 Qc2 53.
Kg5 Qxf2 54. g4 Qd4 55. Qe7+ Kg8 56. Qe6+ Kf8 57. Qd6+ Ke8 58. Qe6+ Kd8 59.
Qd6+ 1/2-1/2

[Event "DEN-ch"]
[Site "Silkeborg"]
[Date "2009.04.06"]
[Round "3"]
[White "Matthiesen, Martin"]
[Black "Antonsen, Mikkel"]
[Result "0-1"]
[WhiteElo "2291"]
[BlackElo "2450"]
[PlyCount "40"]
[EventDate "2009.04.04"]
[EventType "swiss"]
[EventRounds "9"]
[EventCountry "DEN"]
[Source "ChessBase"]
[SourceDate "2009.05.05"]

1. d4 Nf6 2. c4 g6 3. Nc3 d5 4. cxd5 Nxd5 5. e4 Nxc3 6. bxc3 Bg7 7. Nf3 c5 8.
Rb1 O-O 9. Be2 cxd4 10. cxd4 Qa5+ 11. Bd2 Qxa2 12. O-O Bg4 13. Rxb7 Bxf3 14.
Bxf3 Bxd4 15. Bg5 e5 16. Qc1 Na6 17. Be7 Rfe8 18. Bg4 Rab8 19. Qc6 Rxe7 20.
Rxe7 Qxf2+ 0-1

[Event "DEN-ch"]
[Site "Silkeborg"]
[Date "2009.04.10"]
[Round "7"]
[White "Matthiesen, Martin"]
[Black "Lund, Silas"]
[Result "1/2-1/2"]
[WhiteElo "2291"]
[BlackElo "2430"]
[PlyCount "155"]
[EventDate "2009.04.04"]
[EventType "swiss"]
[EventRounds "9"]
[EventCountry "DEN"]
[Source "ChessBase"]
[SourceDate "2009.05.05"]

1. Nf3 Nf6 2. g3 d5 3. Bg2 c6 4. O-O Bg4 5. d3 Nbd7 6. Nbd2 e5 7. e4 Bd6 8. h3
Bh5 9. exd5 cxd5 10. c4 O-O 11. cxd5 Nxd5 12. Qb3 N5b6 13. Ne4 Be7 14. d4 exd4
15. Nxd4 Nc5 16. Nxc5 Bxc5 17. Qb5 Bxd4 18. Qxh5 Qf6 19. Qb5 Rac8 20. Bg5 Qg6
21. Rad1 Rc5 22. Qd3 Bxf2+ 23. Rxf2 Qxg5 24. Bxb7 Nc4 25. h4 Qe5 26. Re2 Qb8
27. b3 Qxb7 28. bxc4 Qc7 29. Rc2 f5 30. Qd6 Qc8 31. Rd5 Rc7 32. c5 f4 33. Kh2
fxg3+ 34. Qxg3 Rc6 35. Rg5 Qd7 36. Rg2 Rf7 37. Qe5 Rc7 38. a3 Re7 39. Qf6 Rf7
40. Rxg7+ Rxg7 41. Rxg7+ Qxg7 42. Qd8+ Qf8 43. Qxc7 Qf2+ 44. Kh3 Qf1+ 45. Kg4
Qg2+ 46. Kf5 Qh3+ 47. Kg5 h6+ 48. Kxh6 Qxh4+ 49. Kg6 Qg4+ 50. Kf6 Qf3+ 51. Ke6
Qb3+ 52. Kd7 Qh3+ 53. Kc6 Qf3+ 54. Kb5 Qd3+ 55. Ka4 Qc4+ 56. Ka5 Qc3+ 57. Ka6
Qd3+ 58. Kb7 Qxa3 59. c6 a5 60. Kb8 a4 61. Qa5 Qf8+ 62. Kb7 a3 63. c7 Qe7 64.
Qa6 Kg7 65. Qc4 a2 66. Qxa2 Qb4+ 67. Kc8 Qg4+ 68. Kd8 Qd4+ 69. Ke7 Qe5+ 70. Kd7
Qd4+ 71. Kc6 Qc3+ 72. Kd6 Qb4+ 73. Ke6 Qb6+ 74. Kd7 Qd4+ 75. Kc8 Qg4+ 76. Kb8
Qb4+ 77. Ka8 Qe4+ 78. Kb8 1/2-1/2

[Event "DEN-ch"]
[Site "Silkeborg"]
[Date "2009.04.08"]
[Round "5"]
[White "Matthiesen, Martin"]
[Black "Jorgensen, Brian Jorgen"]
[Result "1-0"]
[WhiteElo "2291"]
[BlackElo "2274"]
[PlyCount "129"]
[EventDate "2009.04.04"]
[EventType "swiss"]
[EventRounds "9"]
[EventCountry "DEN"]
[Source "ChessBase"]
[SourceDate "2009.05.05"]

1. d4 f5 2. c4 Nf6 3. Nc3 e6 4. e3 d5 5. Bd3 c6 6. Nge2 Bd6 7. Qc2 O-O 8. f3
dxc4 9. Bxc4 b5 10. Bd3 Na6 11. a3 Qa5 12. Ra2 b4 13. axb4 Qb6 14. Na4 Qc7 15.
Bxa6 Bxa6 16. Nc5 Bxe2 17. Kxe2 Qf7 18. Ra6 Nd5 19. Bd2 Nb6 20. Nd3 Rac8 21.
Kf2 Qe7 22. Ne5 Bxe5 23. dxe5 c5 24. b5 Qh4+ 25. g3 Qh3 26. Rxa7 Nd5 27. Qc4
Rb8 28. Ra5 Rfd8 29. Qh4 Qxh4 30. gxh4 Nc7 31. Ke2 Nxb5 32. Rc1 Rd5 33. f4 Kf7
34. Rc2 Rb7 35. Ra6 Rc7 36. Rc4 Rcd7 37. Ba5 Rb7 38. Rb6 Rxb6 39. Bxb6 Ke7 40.
Rxc5 Rxc5 41. Bxc5+ Kd7 42. h5 Kc6 43. Bf8 g6 44. hxg6 hxg6 45. Kd3 Kd5 46. h4
Nc7 47. Bd6 Nb5 48. b3 Na7 49. Kc3 Nc6 50. Bf8 Na7 51. Kb4 Kc6 52. Kc4 Nb5 53.
Bd6 Na7 54. e4 fxe4 55. Kd4 Nb5+ 56. Kxe4 Nc3+ 57. Kf3 Kb5 58. Kg4 Ne4 59. Bf8
Ka5 60. h5 gxh5+ 61. Kxh5 Kb5 62. Kg6 Kc6 63. f5 exf5 64. Kxf5 Nd2 65. b4 1-0

[Event "DEN-ch"]
[Site "Silkeborg"]
[Date "2009.04.08"]
[Round "5"]
[White "Molvig, Henrik"]
[Black "Damm, Kasper Wilken"]
[Result "1-0"]
[WhiteElo "2213"]
[BlackElo "2231"]
[PlyCount "137"]
[EventDate "2009.04.04"]
[EventType "swiss"]
[EventRounds "9"]
[EventCountry "DEN"]
[Source "ChessBase"]
[SourceDate "2009.05.05"]

1. d4 Nf6 2. c4 g6 3. Nc3 Bg7 4. e4 d6 5. Nf3 O-O 6. Be2 c5 7. dxc5 dxc5 8. Be3
Qa5 9. Nd2 Nbd7 10. O-O Qc7 11. f4 e5 12. f5 b6 13. g4 Ne8 14. Nd5 Qd6 15. Nb1
Kh8 16. Nbc3 Bb7 17. Qe1 Bxd5 18. Nxd5 Nc7 19. Rd1 Nxd5 20. Rxd5 Qe7 21. Rxd7
Qxd7 22. f6 Qd8 23. Qh4 Rg8 24. fxg7+ Rxg7 25. Bg5 Qd4+ 26. Kh1 Kg8 27. Bf6 g5
28. Qf2 Rg6 29. Qxd4 exd4 30. e5 Re8 31. Bd3 Rh6 32. Kg2 Rh4 33. h3 h6 34. Bf5
a6 35. Re1 Kf8 36. b3 Rb8 37. e6 b5 38. e7+ Ke8 39. cxb5 axb5 40. Be5 Ra8 41.
Re2 Kxe7 42. Bxd4+ Kd6 43. Be5+ Kd5 44. Be4+ Kxe5 45. Bxa8+ Kd4 46. Rf2 h5 47.
gxh5 Rxh5 48. Rxf7 Rh6 49. Rd7+ Kc3 50. Rc7 Ra6 51. Rxc5+ Kb4 52. Rc8 Rxa2+ 53.
Kg3 Rd2 54. Rb8 Rd3+ 55. Kg4 Kc5 56. b4+ Kxb4 57. Bc6 Kc5 58. Bxb5 Rb3 59. Rc8+
Kd6 60. Bd3 Ke7 61. Bf5 Kf6 62. Rc6+ Kg7 63. Kxg5 Rb8 64. Rc7+ Kh8 65. Kh6 Re8
66. Bg6 Rf8 67. Rh7+ Kg8 68. Rg7+ Kh8 69. Bf7 1-0

[Event "DEN-ch"]
[Site "Silkeborg"]
[Date "2009.04.06"]
[Round "3"]
[White "Molvig, Henrik"]
[Black "Eriksson, Christian Altenburg"]
[Result "1/2-1/2"]
[WhiteElo "2213"]
[BlackElo "2122"]
[PlyCount "80"]
[EventDate "2009.04.04"]
[EventType "swiss"]
[EventRounds "9"]
[EventCountry "DEN"]
[Source "ChessBase"]
[SourceDate "2009.05.05"]

1. d4 d5 2. c4 dxc4 3. Nf3 Nf6 4. e3 e6 5. Bxc4 c5 6. O-O a6 7. Nc3 b5 8. Bb3
Bb7 9. Qe2 Nbd7 10. Rd1 Qb8 11. d5 c4 12. dxe6 fxe6 13. Bc2 Bd6 14. h3 O-O 15.
Ng5 Nc5 16. Rd4 h6 17. Nge4 Ncxe4 18. Nxe4 Be5 19. Nxf6+ Rxf6 20. Rg4 Qa7 21.
a4 Qc5 22. axb5 axb5 23. Rxa8+ Bxa8 24. Qd2 Qd5 25. Qxd5 exd5 26. f4 Bc7 27.
Rg6 Bd8 28. Bd2 Bb6 29. Rxf6 gxf6 30. Kf1 d4 31. exd4 Bxd4 32. Bc3 Be3 33. g3
Kf7 34. Bf5 Bc6 35. Bc2 Bd5 36. Bf5 Bc5 37. Ke2 Ke7 38. Bd2 Kd6 39. Bc3 Ke7 40.
Bd2 Kd6 1/2-1/2

[Event "DEN-ch"]
[Site "Silkeborg"]
[Date "2009.04.04"]
[Round "1"]
[White "Molvig, Henrik"]
[Black "Jakobsen, Ole"]
[Result "0-1"]
[WhiteElo "2213"]
[BlackElo "2352"]
[PlyCount "122"]
[EventDate "2009.04.04"]
[EventType "swiss"]
[EventRounds "9"]
[EventCountry "DEN"]
[Source "ChessBase"]
[SourceDate "2009.05.05"]

1. d4 g6 2. c4 Bg7 3. Nc3 c5 4. Nf3 cxd4 5. Nxd4 Nc6 6. e3 Nf6 7. Be2 O-O 8.
O-O d6 9. b3 Bd7 10. Bb2 Qa5 11. a3 Rfc8 12. Rc1 Rab8 13. Qd2 a6 14. Rfd1 Qb6
15. b4 Ne5 16. Nd5 Nxd5 17. cxd5 Ba4 18. Rxc8+ Rxc8 19. Rc1 Qd8 20. Nf3 Nxf3+
21. Bxf3 Rxc1+ 22. Qxc1 Bxb2 23. Qxb2 Qc7 24. Be2 Bb5 25. Bxb5 axb5 26. g3 Qc4
27. Qd2 Qb3 28. h4 Qxa3 29. Kh2 Qb3 30. Qd4 Qc2 31. Kg1 Qc1+ 32. Kh2 Qf1 33.
Qd2 h5 34. Qc2 Kh7 35. Qd2 f6 36. e4 Kg7 37. Qe3 Qc4 38. Qe1 Kf7 39. Kg1 Qd4
40. Kh2 Qd3 41. Kg1 Qf3 42. Qf1 Qxe4 43. Qxb5 b6 44. Qxb6 Qxd5 45. b5 g5 46.
Qb8 gxh4 47. gxh4 Qd1+ 48. Kg2 Qg4+ 49. Kf1 Qxh4 50. b6 Qh1+ 51. Ke2 Qe4+ 52.
Kd2 h4 53. b7 h3 54. Qc8 Qb4+ 55. Ke2 h2 56. Qc6 Qb2+ 57. Kf1 Qb1+ 58. Ke2 h1=Q
59. Qxh1 Qxh1 60. b8=Q Qe4+ 61. Kf1 d5 0-1

[Event "DEN-ch"]
[Site "Silkeborg"]
[Date "2009.04.09"]
[Round "6"]
[White "Molvig, Henrik"]
[Black "Rasmussen, Karsten"]
[Result "0-1"]
[WhiteElo "2213"]
[BlackElo "2447"]
[PlyCount "46"]
[EventDate "2009.04.04"]
[EventType "swiss"]
[EventRounds "9"]
[EventCountry "DEN"]
[Source "ChessBase"]
[SourceDate "2009.05.05"]

1. d4 d5 2. c4 e6 3. Nc3 c6 4. Nf3 dxc4 5. a4 Bb4 6. e4 b5 7. Be2 Nf6 8. Qc2
Bb7 9. O-O a6 10. Bg5 h6 11. Bh4 Nbd7 12. Rfd1 Qb6 13. Bg3 Nh5 14. b3 Nxg3 15.
hxg3 cxb3 16. Qxb3 Be7 17. a5 Qc7 18. Rdc1 O-O 19. d5 Nc5 20. Qb1 cxd5 21. exd5
exd5 22. Nd4 Qe5 23. Nf3 Qf6 0-1

[Event "DEN-ch"]
[Site "Silkeborg"]
[Date "2009.04.08"]
[Round "5"]
[White "Nielsen, John Bauneborg"]
[Black "Petersen, Martin Reib"]
[Result "1-0"]
[WhiteElo "2197"]
[BlackElo "1974"]
[PlyCount "79"]
[EventDate "2009.04.04"]
[EventType "swiss"]
[EventRounds "9"]
[EventCountry "DEN"]
[Source "ChessBase"]
[SourceDate "2009.05.05"]

1. d4 Nf6 2. c4 Nc6 3. d5 Ne5 4. e4 d6 5. Nc3 g6 6. f4 Ned7 7. Nf3 Nc5 8. e5
Ng4 9. h3 Nh6 10. g4 Bg7 11. Be3 a5 12. Qd2 f6 13. e6 Ng8 14. Bd4 Nh6 15. O-O-O
a4 16. Rg1 c6 17. f5 gxf5 18. Be3 f4 19. Bxf4 Ng8 20. Nd4 Qb6 21. Nf5 Bf8 22.
Be3 Qb4 23. Qc2 Kd8 24. Bd4 Nxe6 25. dxe6 Bxe6 26. c5 d5 27. g5 Bf7 28. a3 Qa5
29. gxf6 Nxf6 30. Nd6 exd6 31. Bxf6+ Kc7 32. Bxh8 Bh6+ 33. Kb1 Rxh8 34. cxd6+
Kb8 35. Bd3 b5 36. Qf2 Rf8 37. Qh4 Be3 38. Qe7 Bh6 39. Rdf1 b4 40. Rxf7 1-0

[Event "DEN-ch"]
[Site "Silkeborg"]
[Date "2009.04.07"]
[Round "4"]
[White "Nielsen, John Bauneborg"]
[Black "Seegert, Kristian"]
[Result "1/2-1/2"]
[WhiteElo "2197"]
[BlackElo "2098"]
[PlyCount "80"]
[EventDate "2009.04.04"]
[EventType "swiss"]
[EventRounds "9"]
[EventCountry "DEN"]
[Source "ChessBase"]
[SourceDate "2009.05.05"]

1. d4 Nf6 2. Nc3 d5 3. Bg5 Nbd7 4. e3 g6 5. Nf3 Bg7 6. Bd3 O-O 7. O-O c5 8. Re1
b6 9. e4 dxe4 10. Nxe4 Bb7 11. Nxf6+ Bxf6 12. Bxf6 Nxf6 13. dxc5 bxc5 14. Qe2
Qb6 15. Ne5 e6 16. Qe3 Rad8 17. Qg5 Nh5 18. Nc4 Qc7 19. Qe5 Qxe5 20. Rxe5 Nf4
21. Bf1 Bd5 22. g3 Nh5 23. Ree1 Ng7 24. Ne3 Bf3 25. Bg2 Bxg2 26. Kxg2 Rd2 27.
Rad1 Rfd8 28. Rxd2 Rxd2 29. Rd1 Rxd1 30. Nxd1 Nf5 31. f3 Kf8 32. Kf2 Ke7 33. c3
e5 34. Ke2 Nd6 35. Ne3 f5 36. b3 Ke6 37. c4 e4 38. fxe4 Nxe4 39. Nd5 g5 40. Ke3
h6 1/2-1/2

[Event "DEN-ch"]
[Site "Silkeborg"]
[Date "2009.04.10"]
[Round "7"]
[White "Nielsen, John Bauneborg"]
[Black "Eriksson, Christian Altenburg"]
[Result "0-1"]
[WhiteElo "2197"]
[BlackElo "2122"]
[PlyCount "58"]
[EventDate "2009.04.04"]
[EventType "swiss"]
[EventRounds "9"]
[EventCountry "DEN"]
[Source "ChessBase"]
[SourceDate "2009.05.05"]

1. d4 d5 2. c4 dxc4 3. Nf3 Nf6 4. Nc3 a6 5. a4 Nc6 6. e4 Bg4 7. Be3 e5 8. d5
Na5 9. Qc2 Bxf3 10. gxf3 Bd6 11. Rd1 Rb8 12. Nb1 b5 13. Nd2 Nh5 14. b3 cxb3 15.
Nxb3 Bb4+ 16. Nd2 O-O 17. axb5 axb5 18. Rb1 Qd6 19. Qb2 c5 20. Rg1 Nc4 21. Bxc4
bxc4 22. Qc2 Qa6 23. Rc1 c3 24. Nb1 Qc4 25. Kd1 Nf4 26. Bxf4 exf4 27. Nxc3 Qd4+
28. Ke2 Bxc3 29. Rgd1 Qc4+ 0-1

[Event "DEN-ch"]
[Site "Silkeborg"]
[Date "2009.04.04"]
[Round "1"]
[White "Nielsen, John Bauneborg"]
[Black "Lund, Silas"]
[Result "0-1"]
[WhiteElo "2197"]
[BlackElo "2430"]
[PlyCount "72"]
[EventDate "2009.04.04"]
[EventType "swiss"]
[EventRounds "9"]
[EventCountry "DEN"]
[Source "ChessBase"]
[SourceDate "2009.05.05"]

1. d4 Nf6 2. c4 e6 3. Nc3 c5 4. d5 exd5 5. cxd5 d6 6. e4 g6 7. Nf3 a6 8. a4 Bg4
9. Be2 Bxf3 10. Bxf3 Bg7 11. Bf4 O-O 12. O-O Ne8 13. Re1 Nd7 14. a5 Rb8 15. Be2
h6 16. Qd2 Kh7 17. Ra3 Ne5 18. Nd1 Rh8 19. Bg3 Qe7 20. f4 Nd7 21. Bg4 Bd4+ 22.
Bf2 Bxf2+ 23. Nxf2 b5 24. e5 dxe5 25. fxe5 Nxe5 26. Rh3 h5 27. Bxh5 Kg7 28. Ng4
f6 29. Bxg6 Rxh3 30. gxh3 Nf3+ 31. Kg2 Nxe1+ 32. Kf1 Kxg6 33. Qh6+ Kf5 34. Qh5+
Ke4 35. Nf2+ Kd4 36. Qf3 Ke5 0-1

[Event "DEN-ch"]
[Site "Silkeborg"]
[Date "2009.04.09"]
[Round "6"]
[White "Nielsen, Lasse Simoni"]
[Black "Petersen, Martin Reib"]
[Result "0-1"]
[WhiteElo "1973"]
[BlackElo "1974"]
[PlyCount "78"]
[EventDate "2009.04.04"]
[EventType "swiss"]
[EventRounds "9"]
[EventCountry "DEN"]
[Source "ChessBase"]
[SourceDate "2009.05.05"]

1. e4 c6 2. d4 d5 3. Nc3 dxe4 4. Nxe4 Nd7 5. Bc4 Ngf6 6. Ng5 e6 7. N1f3 h6 8.
Nh3 Nb6 9. Bb3 a5 10. c3 Bd6 11. Qe2 O-O 12. Bf4 Bxf4 13. Nxf4 Nbd5 14. Nd3 Qc7
15. Qe5 Qxe5+ 16. Nfxe5 Nd7 17. O-O-O Nxe5 18. Nxe5 a4 19. Bc2 a3 20. h4 axb2+
21. Kxb2 Nb6 22. Rh3 f6 23. Ng6 Nc4+ 24. Ka1 Re8 25. f4 e5 26. Rg3 exd4 27. Bb3
Be6 28. Rxd4 Na5 29. Bxe6+ Rxe6 30. Kb1 Re1+ 31. Kc2 Re2+ 32. Rd2 Rxd2+ 33.
Kxd2 Nc4+ 34. Kd3 Nd6 35. Kc2 Rxa2+ 36. Kb3 Rd2 37. Kb4 Rb2+ 38. Ka3 Nc4+ 39.
Ka4 b5# 0-1

[Event "DEN-ch"]
[Site "Silkeborg"]
[Date "2009.04.07"]
[Round "4"]
[White "Nielsen, Lasse Simoni"]
[Black "Kristensen, Kaare Hove"]
[Result "0-1"]
[WhiteElo "1973"]
[BlackElo "2244"]
[PlyCount "64"]
[EventDate "2009.04.04"]
[EventType "swiss"]
[EventRounds "9"]
[EventCountry "DEN"]
[Source "ChessBase"]
[SourceDate "2009.05.05"]

1. e4 c5 2. Nc3 Nc6 3. g3 g6 4. Bg2 Bg7 5. d3 d6 6. Be3 e5 7. f4 Nge7 8. Qd2
Nd4 9. Nd1 O-O 10. c3 exf4 11. gxf4 Ne6 12. Ne2 d5 13. O-O dxe4 14. dxe4 f5 15.
e5 Qxd2 16. Bxd2 Rd8 17. Be1 Rb8 18. Ne3 b5 19. Rc1 Rd3 20. Rf3 Bb7 21. Rg3
Bxg2 22. Nxg2 Rbd8 23. c4 b4 24. h4 Bh6 25. Rc2 Rd1 26. Kh2 Nxf4 27. Nexf4 Bxf4
28. Nxf4 Rxe1 29. h5 Kf7 30. e6+ Kf6 31. Rcg2 Rdd1 32. Rg5 Rh1+ 0-1

[Event "DEN-ch"]
[Site "Silkeborg"]
[Date "2009.04.05"]
[Round "2"]
[White "Nielsen, Lasse Simoni"]
[Black "Nielsen, John Bauneborg"]
[Result "1-0"]
[WhiteElo "1973"]
[BlackElo "2197"]
[PlyCount "81"]
[EventDate "2009.04.04"]
[EventType "swiss"]
[EventRounds "9"]
[EventCountry "DEN"]
[Source "ChessBase"]
[SourceDate "2009.05.05"]

1. e4 c5 2. Nc3 Nc6 3. g3 g6 4. Bg2 Bg7 5. d3 e6 6. Be3 d6 7. f4 Nge7 8. Nf3
Nd4 9. O-O O-O 10. Bf2 Nxf3+ 11. Bxf3 Nc6 12. Qd2 Nd4 13. Bg2 Qa5 14. Rae1 Bd7
15. e5 dxe5 16. fxe5 Bc6 17. g4 Bxg2 18. Kxg2 Nc6 19. Bg3 Rad8 20. h4 c4 21. h5
cxd3 22. hxg6 hxg6 23. Rh1 dxc2 24. Qg5 Rd4 25. Qh4 Rfd8 26. Qh7+ Kf8 27. Bh4
Rxg4+ 28. Kf3 Qb4 29. Qxg7+ Ke8 30. Qg8+ Kd7 31. Qxf7+ Kc8 32. Bxd8 Nxd8 33.
Rh8 Qc4 34. Reh1 Qc6+ 35. Ke2 Rg2+ 36. Ke3 Qc5+ 37. Kd3 c1=N+ 38. Rxc1 Rg3+ 39.
Kc2 Qxe5 40. Rxd8+ Kxd8 41. Rd1+ 1-0

[Event "DEN-ch"]
[Site "Silkeborg"]
[Date "2009.04.10"]
[Round "7"]
[White "Nielsen, Nicholas Roland"]
[Black "Wiecker, Stefan"]
[Result "1/2-1/2"]
[WhiteElo "2197"]
[BlackElo "2102"]
[PlyCount "84"]
[EventDate "2009.04.04"]
[EventType "swiss"]
[EventRounds "9"]
[EventCountry "DEN"]
[Source "ChessBase"]
[SourceDate "2009.05.05"]

1. e4 c5 2. Nf3 Nc6 3. d4 cxd4 4. Nxd4 Nf6 5. Nc3 d6 6. Bg5 e6 7. Qd2 Be7 8.
O-O-O O-O 9. f3 Nxd4 10. Qxd4 Qa5 11. h4 h6 12. Be3 Bd7 13. g4 Ne8 14. Qd2 b5
15. Kb1 b4 16. Ne2 Bb5 17. Ng3 Nc7 18. g5 Bxf1 19. Rdxf1 Nb5 20. Qd3 Rfc8 21.
gxh6 Bf6 22. Ne2 Rab8 23. Rfg1 Na3+ 24. bxa3 bxa3+ 25. Kc1 Rb2 26. hxg7 Rcxc2+
27. Qxc2 Rxc2+ 28. Kxc2 Qa4+ 29. Kd2 Qb4+ 30. Kd1 Qb1+ 31. Nc1 Bb2 32. Kd2 d5
33. h5 dxe4 34. fxe4 Qxe4 35. h6 Bxc1+ 36. Rxc1 Qd5+ 37. Ke1 Qxh1+ 38. Ke2 Qg2+
39. Kd3 Qd5+ 40. Ke2 Qg2+ 41. Kd3 Qg6+ 42. Kd2 Qg2+ 1/2-1/2

[Event "DEN-ch"]
[Site "Silkeborg"]
[Date "2009.04.06"]
[Round "3"]
[White "Nielsen, Nicholas Roland"]
[Black "Nielsen, John Bauneborg"]
[Result "1-0"]
[WhiteElo "2197"]
[BlackElo "2197"]
[PlyCount "87"]
[EventDate "2009.04.04"]
[EventType "swiss"]
[EventRounds "9"]
[EventCountry "DEN"]
[Source "ChessBase"]
[SourceDate "2009.05.05"]

1. e4 c5 2. Nf3 Nc6 3. d4 cxd4 4. Nxd4 e5 5. Nb5 d6 6. c4 Be7 7. N1c3 a6 8. Na3
Be6 9. Nc2 Rc8 10. b3 Nf6 11. Bd3 O-O 12. O-O Nd7 13. Nd5 Bxd5 14. exd5 Ncb8
15. Ne3 g6 16. Qg4 Nf6 17. Qe2 Nbd7 18. Bb2 Nh5 19. g3 Bf6 20. Ng2 Re8 21. f3
Bg7 22. Rae1 f5 23. Qd2 Nhf6 24. Bb1 b5 25. cxb5 axb5 26. Kh1 Qb6 27. Nh4 Nf8
28. g4 f4 29. g5 N6d7 30. Rc1 Qb7 31. Ba3 Qa6 32. Bb4 Nb8 33. Rxc8 Rxc8 34. Rc1
Rxc1+ 35. Qxc1 Qb7 36. Be4 Qe7 37. Qc8 Nbd7 38. Ng2 Nc5 39. Bxc5 dxc5 40. Qc6
b4 41. d6 Qa7 42. Bd5+ Kh8 43. h4 e4 44. Qc7 1-0